000 01201cam a2200277 4500
001 ABS64029
008 000000n2001 000 0 eng u
035 _a(Sirsi) u112599
100 _aJones, G
245 _aPlanning law update
260 _c2001
490 _aSolicitors' Journal
_v145(17) 4 May 2001, 405-406(2)
520 _aUpdate and discussion of recent planning case law. Covers the following issues: the impact of the Human Rights Act 1998 on the planning system; the rights of gypsies stationing caravans on land without planning permission; the deemed consent provisions of the Town and Country Planning (Control of Advertisement) Regulations 1992 for the display of particular types of advertisements; judicial review of planning permission. Case law.
590 _aABS
650 _aPLANNING PERMISSION
650 _aJUDICIAL REVIEW
650 _aDEEMED CONSENT
650 _aPLANNING SYSTEM
650 _aGYPSIES
650 _aTOWN AND COUNTRY PLANNING (CONTROL OF ADVERTISEMENTS) REGULATIONS 1992
650 _aEUROPEAN COURT OF HUMAN RIGHTS
650 _aHUMAN RIGHTS ACT 1998
690 _aPlanning and development
_96259
700 _aBeck, G
942 _n0
999 _c67022
_d67022